00357nam a2200109Ia 4500008004000000082001800040100001700058245008800075260004200163300001300205650002900218210210b1976 xxu||||| |||| 00| 0 eng d a324.2954 MISI aMISRA (B B). aIndian political parties: an historical analysis of political behaviour up to 1947. aBombaybOxford University Pressc1976 aviii,665 aIndian political parties